01561nam a22002057a 4500003000900000005001700009008004100026040002800067100004600095245030500141260004100446300002300487502019100510504005300701505036300754700004401117700003501161700004101196830011801237DO-SdBJH20230323153136.0230323b |||||||| |||| 00| 0 spa d aDO-SdBJHbspacDO-SdBJH1 aEspinosa Feliz, Carla Mainelesustentante10aImportancia de los servicios de extinción de incendio y búsqueda y salvamento (SAR) para la Fuerza Aérea de República en situaciones de desastres naturales, periodo 2010-2021 / c Carla Mainel Espinosa Feliz, Joan Martínez García, asesores José Peña León, Amaurys G. Medina Guerrero aSanto Domingo Este :bINSUDE, c2021 axvii, 51 páginas aTrabajo de grado (Licenciatura en Ciencias Aeronáuticas) -- Instituto Superior para la Defensa (INSUDE). -- Academia Aérea Gral. De Brigada Piloto Frank Andrés Feliz Miranda, 2021. aIncluye referencias bibliográficas e índices aAntecedentes históricos de la Fuerza Aérea de la Republica Dominicana. -- Determinar la importancia de los servicios de extinción de incendios, búsqueda y salvamento (SAR) para la Fuerza Aérea de Republica Dominicana ante situaciones de desastres naturales. -- Importancia de los servicios de extinción de incendios, búsqueda y salvamento (SAR)1 aMartínez García, Joan esustentante1 aPeña León, José easesor1 aMedina Guerrero, Amaurys G. easesor aINSUDE. Academia Aérea Gral. De Brig. Pil. Frank Andrés Feliz Miranda. Tesis y disertaciones académicas